00778nam a22002537a 45000010005000000030009000050050017000140070005000310080044000360200018000800400022000980920015001201000017001352450086001522600039002383000028002774900019003058300019003249420012003439450026003559520103003819560025004849990015005090074DO-SdBNP20180117132312.00074151012b sp 1960 ||||| |||| 00| 0 spa d a9788430571574 aBPMSUbspacBPMSU axxxxbxxxx1 aBlyton, Enid10aBen elcontrabandista y El pequeño gnomo verde y otras historias /bEnid Blyton. aMadrid, España :bSusaeta,c1960 a248 p. :bil. ;c20 cm.1 aEnid Blytonv9 0aEnid Blytonv9 2ddccBK aInventariado, 2018 LP 00102ddc40708CGaBPMETbBPMETd2015-10-12eFUNDIl0pBPMSU15100088r2015-10-12w2015-10-12yBK aBrenda Tavárezb10 c8368d8368